书目信息 |
| 题名: |
鱼类生理学
|
|
| 作者: | 王义强 编著 | |
| 分册: | ||
| 出版信息: | 上海 上海科学技术出版社 1990 |
|
| 页数: | 260页 | |
| 开本: | 26cm | |
| 丛书名: | ||
| 单 册: | ||
| 中图分类: | Q959.405 | |
| 科图分类: | ||
| 主题词: | 鱼类学--生理学 | |
| 电子资源: | ||
| ISBN: | 978-7-5323-1480-5 | |
| 000 | 00594nam0 2200217 450 | |
| 001 | 0100267001 | |
| 005 | 20020928000000.0 | |
| 010 | @a978-7-5323-1480-5@dCNY5.60 | |
| 100 | @a19980828d1990 em y0chiy0110 ea | |
| 101 | 0 | @achi |
| 102 | @aCN@b310000 | |
| 105 | @ay z 000yy | |
| 106 | @ar | |
| 200 | 1 | @a鱼类生理学@9Yu Lei Sheng Li Xue @f王义强等编著@b专著 |
| 210 | @a上海@c上海科学技术出版社@d1990 | |
| 215 | @a260页@d26cm | |
| 606 | 0 | @a鱼类学@x生理学 |
| 690 | @aQ959.405@v3 | |
| 701 | 0 | @a王义强@9wang yi qiang@4编著 |
| 801 | 0 | @aCN@bAiZhiMarc |
| 905 | @aBZT@dQ959.405@e1@f1@sQ959.405/1 | |
| 鱼类生理学/王义强等编著.-上海:上海科学技术出版社,1990 |
| 260页;26cm |
| ISBN 978-7-5323-1480-5:CNY5.60 |
| ● |
| 相关链接 |
|
|
|
正题名:鱼类生理学
索取号:Q959.405/1
 
预约/预借
| 序号 | 登录号 | 条形码 | 馆藏地/架位号 | 状态 | 备注 |
| 1 | 2000111601 | 2000111601 | 旧书回溯/ [索取号:Q959.405/1] | 在馆 |